Kadra Anglii na mundial 2022 - Statystyki

Ogólne statystyki
  • Ten quiz został rozwiązany 293 razy
  • Średni wynik to 16 z 26
Statystyki odpowiedzi
Pozycja Zawodnik % Poprawnych
Napastnik Harry Kane
98%
Bramkarz Jordan Pickford
94%
Obrońca Harry Maguire
85%
Obrońca John Stones
79%
Napastnik Bukayo Saka
77%
Obrońca Kyle Walker
76%
Pomocnik Jude Bellingham
74%
Napastnik Phil Foden
74%
Pomocnik Jordan Henderson
73%
Napastnik Marcus Rashford
73%
Obrońca Luke Shaw
72%
Napastnik Raheem Sterling
72%
Napastnik Jack Grealish
69%
Obrońca Trent Alexander-Arnold
68%
Bramkarz Nick Pope
66%
Bramkarz Aaron Ramsdale
64%
Pomocnik Declan Rice
64%
Pomocnik Mason Mount
53%
Obrońca Kieran Trippier
52%
Pomocnik Kalvin Phillips
48%
Napastnik Callum Wilson
41%
Obrońca Ben White
34%
Obrońca Eric Dier
28%
Napastnik James Maddison
22%
Obrońca Conor Coady
20%
Pomocnik Conor Gallagher
17%
Nie znaleziono quizów pasujących do podanych kryteriów
Rozkład punktacji
Procent ludzi z każdym wynikiem
Percentyl według liczby udzielonych odpowiedzi
Twoja historia wyników
Nie rozwiązałeś tego quizu